000
00256nam a2200109Ia 4500
008
190216s9999||||xx |||||||||||||| ||und||
100
_a
Balachandran N T
245
0
_a
Njaan Urangugayayirunnu
260
_b
Current Books
650
_a
Malayalam
942
_c
BK
999
_c
26227
_d
26227